000 00285nam a22001337a 4500
008 171027b xxu||||| |||| 00| 0 eng d
020 _a9789995634124
041 _aalb
080 _a336
100 _a56
101 _aFIN
245 _aDREJTIM PORTOFOLI
_cBUNDO,SH
942 _2udc
_cBK
999 _c36198
_d36198